| 000 | 01581nam a2200265Ia 4500 | ||
|---|---|---|---|
| 003 | OSt | ||
| 005 | 20200821223000.0 | ||
| 008 | 191128s2019 ck ad fr 000 0 spa d | ||
| 020 | _a9789585202450 | ||
| 040 |
_aCO-JMCR _cCO-JMCR |
||
| 041 | 0 | _aspa | |
| 082 | 0 | 4 |
_a346.861064 / _bP723r _223 |
| 100 | 1 |
_aPlaza Guamanga, Luis Adelmo, _eautor _99083 |
|
| 245 | 1 | 0 |
_aRégimen tributario especial para las entidades sin ánimo de lucro bajo el nuevo contexto fiscal ESAL : _bejemplos y modelos / _cLuis Adelmo Plaza Guamanga |
| 250 | _a1a. edición | ||
| 260 |
_aBogotá : _bGrupo Editorial Nueva Legislación, _c2019 |
||
| 300 |
_axix, 214 páginas : _bgráficos a blanco y negro ; _c24 cm. |
||
| 500 | _a"Cooperativas - Asociaciones - Corporaciones - Fundaciones - ONG - Propiedades horizontales - Iglesias y confesiones religiosas"-- Tapa | ||
| 504 | _aBibliografía: páginas 184-185 | ||
| 505 | 0 | _aContexto histórico -- Nuevo contexto para las entidades sin ánimo de lucro -- Control a las entidades sin ánimo de lucro del régimen tributario especial -- Determinación del beneficio neto o excedente -- Legislación comparada | |
| 520 | 3 | _aSe exponen los requisitos y obligaciones que deben cumplir estas entidades si quieren ser calificadas en el régimen tributario especial y así poder gozar de beneficios fiscales como la exención en el impuesto de renta y complementarios y ser beneficiadas | |
| 650 | 1 | 4 |
_aOrganizaciones sin ánimo de lucro _xaspectos jurídicos _zColombia _99084 |
| 650 | 1 | 4 |
_aImpuestos _xaspectos jurídicos _zColombia _99085 |
| 942 |
_2ddc _cBK |
||
| 999 |
_c4483 _d4483 |
||